000 00570nam a22002177a 4500
003 UA-OsUOA
001 104840
007 ta
008 20140129b un ||||| |||| 00| 0 ukr d
100 _aРазумнова Л.
090 _a32
_bР17
942 _cSA
040 _aUA-OsUOA
_brus
_cUA-OsUOA
_dUA-OsUOA
245 _aТорговые споры в рамках ВТО
300 _aС.33-45
955 _a0
041 _arus
080 _a32
773 0 _w104838
_tМеждународная экономика
_dМ.
_d2013
_g12
650 7 _a32 Політика
_2UDC
999 _c391134
_d391134